00394nam a22001097a 4500008004100000082001600041100002700057245014200084260003200226300002000258440000600278230629b xxu||||| |||| 00| 0 eng d a346.06bEAC cEast African Community aSecretariat of the Commission for East African Co-operationb9th Meeting of the Permanent Tripartite CommissioncReport of the Commission aArusha, TanzaniabEACc1998 avarious panging v2